Código civil brasileiro : (Record no. 795)

MARC details
000 -LÍDER
Campo Fixo de Controle 00627nam a2200217 a 4500
001 - NÚMERO DE CONTROLE
Campo de Controle 795
003 - IDENTIFICAÇÃO DO NÚMERO DE CONTROLE
Campo de Controle BR-CuiBMT
005 - DATA E HORA DA ÚLTIMA ATUALIZAÇÃO
Campo de Controle 20231128000213.0
008 - DADOS FIXOS
Dados Fixos 231107b2015 dfb 001 0 por d
040 ## - AGÊNCIA CATALOGADORA
Código da Agência Catalogadora BR-CuiBMT
Agência que transcreveu o registro BR-CuiBMT
080 ## - Nº DA CLASSIFICAÇÃO DECIMAL UNIVERSAL
Nº edição CDU 2007
Nº Class. CDU 347
Subd. Auxiliar Comum (81)
-- (094.5)
090 ## - NÚMERO DE CHAMADA
Nº classificação 347(81)(094.5)
Cutter B823c
110 2# - ENTRADA PRINCIPAL -- ENTIDADE
Nome da entidade ou lugar Brasil
240 10 - TÍTULO UNIFORME/ORIGINAL
Título original [Código civil]
245 00 - TÍTULO PRINCIPAL
Título principal Código civil brasileiro :
Subtítulo e normas correlatas /
Indicação de responsabilidade Senado Federal.
260 ## - PUBLICAÇÃO, DISTRIBUIÇÃO, ETC.
Local de publicação Brasília :
Editora Senado Federal,
Data 2015.
300 ## - DESCRIÇÃO FÍSICA
N. páginas ou volumes 446 p. ;
Dimensões 26 cm
650 ## - ASSUNTO TÓPICO
Cabeçalho tópico ou nome geográfico Código civil
Subdivisão geográfica Brasil
650 ## - ASSUNTO TÓPICO
Cabeçalho tópico ou nome geográfico Direito civil
Subdivisão geral Jurisprudência
Subdivisão geográfica Brasil
942 ## - ELEMENTOS DE ENTRADA ADICIONAIS (KOHA)
Fonte de classificação ou esquema de arquivamento Classificação Decimal Universal
Tipo de item do Koha Livros
Holdings
Estado: removido Estado: perdido Fonte de classificação ou esquema de arquivamento Estado: danificado Indisponível para empréstimo Localização permanente Localização atual Data de aquisição Total Checkouts Número de Chamada completo Código de barras Date last seen Número do exemplar Preço efetivo a partir de Tipo de item (Koha)
    Classificação Decimal Universal     Biblioteca da Escola Superior de Contas do TCE/MT Biblioteca da Escola Superior de Contas do TCE/MT 17/11/2023   347(81)(094.5) B823c BIBTCEMT23110724 17/11/2023 Ex. 1 17/11/2023 Livros

Powered by Koha